[Event "6. OPEN International Ch of Vojvodina 20"]
[Site "Novi Sad"]
[Date "2015.07.26"]
[Round "3.1"]
[White "Atalik, Suat"]
[Black "Leroy, Didier"]
[Result "1-0"]
[WhiteElo "2564"]
[BlackElo "2290"]
[PlyCount "113"]
[EventDate "2015.07.25"]

1. d4 Nf6 2. c4 e6 3. Nf3 d5 4. g3 Bb4+ 5. Bd2 Be7 6. Bg2 O-O 7. O-O dxc4 8.
Qc2 c5 9. dxc5 Bxc5 10. Bg5 Be7 11. Rd1 Qc7 12. Nbd2 Bd7 13. Qxc4 Qxc4 14. Nxc4
Bc6 15. Nfe5 Bxg2 16. Kxg2 h6 17. Bxf6 Bxf6 18. f4 Bxe5 19. Nxe5 Rc8 20. Rac1
Rxc1 21. Rxc1 Na6 22. Nd3 Rd8 23. b4 Rd7 24. Rc8+ Kh7 25. b5 Nc7 26. a4 Nd5 27.
Ne5 Re7 28. a5 f6 29. Nc4 Rc7 30. Rxc7 Nxc7 31. Nd6 g5 32. e4 gxf4 33. gxf4 e5
34. f5 Kg7 35. Kf3 Kf8 36. Kg4 Kg8 37. Kh5 Kg7 38. h3 Kh7 39. Kg4 Kg7 40. Kf3
Kf8 41. Ke3 Ke7 42. Nc8+ Kd7 43. Nxa7 Kd6 44. b6 Na6 45. Nb5+ Kc5 46. Nc7 Nb8
47. Kd3 Kb4 48. Nd5+ Kxa5 49. Nxf6 Kxb6 50. Ng4 Nd7 51. Nxh6 Kc5 52. Ng4 b5 53.
h4 Kd6 54. h5 Nc5+ 55. Ke3 b4 56. h6 b3 57. Nxe5 1-0

[Event "6. OPEN International Ch of Vojvodina 20"]
[Site "Novi Sad"]
[Date "2015.07.26"]
[Round "3.2"]
[White "Kumic, Filip"]
[Black "Kadric, Denis"]
[Result "0-1"]
[WhiteElo "2253"]
[BlackElo "2511"]
[PlyCount "116"]
[EventDate "2015.07.25"]

1. d4 d6 2. Nf3 g6 3. c4 Bg7 4. Nc3 e5 5. dxe5 dxe5 6. Qxd8+ Kxd8 7. Bd2 f6 8.
O-O-O Ke8 9. e3 Nh6 10. h3 Nf7 11. Ne4 Bf5 12. Bd3 Nd7 13. b3 Bf8 14. g4 Be6
15. Ng3 a5 16. Bc3 Bb4 17. Bb2 a4 18. Nd2 axb3 19. axb3 Nc5 20. Bc2 Ke7 21. f4
Rhd8 22. Nf3 Rxd1+ 23. Rxd1 b5 24. fxe5 fxe5 25. Nxe5 Nxe5 26. Bxe5 bxc4 27.
bxc4 Bxc4 28. Rd4 Ra1+ 29. Kb2 Ra2+ 30. Kc1 Ba3+ 31. Kb1 Rb2+ 32. Kc1 Nb3+ 33.
Bxb3 Rg2+ 34. Kd1 Bxb3+ 35. Ke1 Bb2 36. Bxc7 Bxd4 37. exd4 Bc4 38. Bf4 Ke6 39.
h4 Kd5 40. Be5 Bd3 41. h5 g5 42. h6 Kc4 43. Kd1 Kd5 44. Nh5 Ke6 45. Ng3 Bg6 46.
Ke1 Rh2 47. Bg7 Rh4 48. Kf2 Rxg4 49. Be5 Rh4 50. Bg7 Be4 51. Be5 Bd5 52. Bg7
Kf7 53. Ke3 Kg6 54. Bf8 Rf4 55. Bd6 Rf3+ 56. Ke2 Kxh6 57. Nf1 Rf6 58. Ne3 Bf3+
0-1

[Event "6. OPEN International Ch of Vojvodina 20"]
[Site "Novi Sad"]
[Date "2015.07.26"]
[Round "3.3"]
[White "Drazic, Sinisa"]
[Black "Pezelj, Sinisa"]
[Result "1-0"]
[WhiteElo "2439"]
[BlackElo "2253"]
[PlyCount "65"]
[EventDate "2015.07.25"]

1. c4 Nf6 2. Nc3 e5 3. Nf3 d6 4. d4 exd4 5. Nxd4 Nc6 6. Nxc6 bxc6 7. g3 Be7 8.
Bg2 Bb7 9. Qa4 Qd7 10. O-O O-O 11. h3 Rfd8 12. Rd1 Qe6 13. Be3 Nd7 14. b3 Nb6
15. Qa5 Bf6 16. Rac1 d5 17. cxd5 Bxc3 18. Rxc3 Qe5 19. Bf4 Qxe2 20. Rcc1 Nxd5
21. Bxc7 Rd7 22. Re1 Qd3 23. Qxa7 Rf8 24. Be5 f6 25. Ba1 Ra8 26. Qc5 Rf7 27.
Bf1 Qf5 28. a4 h5 29. Rcd1 h4 30. g4 Qf3 31. Rd3 Qf4 32. Rd4 Qf3 33. Re3 1-0

[Event "6. OPEN International Ch of Vojvodina 20"]
[Site "Novi Sad"]
[Date "2015.07.26"]
[Round "3.4"]
[White "Saric, Sinisa"]
[Black "Sohier, Julien"]
[Result "1-0"]
[WhiteElo "2420"]
[BlackElo "2239"]
[PlyCount "51"]
[EventDate "2015.07.25"]

1. d4 d5 2. c4 c6 3. Nc3 Nf6 4. e3 a6 5. Qc2 g6 6. Bd3 Bg7 7. Nf3 O-O 8. O-O
Bg4 9. Ne5 Be6 10. c5 Nbd7 11. Nxd7 Qxd7 12. Bd2 Bf5 13. Bxf5 gxf5 14. f3 Kh8
15. Ne2 Nh5 16. Nc1 f4 17. Kh1 Qe6 18. exf4 Bxd4 19. g4 Rg8 20. Nb3 Bf6 21.
Rae1 Qd7 22. gxh5 Qh3 23. Bc3 Rg3 24. Bxf6+ exf6 25. Nd4 Rag8 26. Rg1 1-0

[Event "6. OPEN International Ch of Vojvodina 20"]
[Site "Novi Sad"]
[Date "2015.07.26"]
[Round "3.5"]
[White "Radovanovic, Mihajlo"]
[Black "Radovanovic, Nikola"]
[Result "0-1"]
[WhiteElo "2245"]
[BlackElo "2420"]
[PlyCount "104"]
[EventDate "2015.07.25"]

1. Nf3 Nf6 2. c4 c5 3. Nc3 e6 4. g3 b6 5. Bg2 Bb7 6. O-O a6 7. Re1 Qc7 8. e4 d6
9. d4 cxd4 10. Nxd4 Be7 11. b3 O-O 12. Bb2 Nbd7 13. Rc1 Rac8 14. f4 Rfd8 15. h3
Qb8 16. Kh2 Bf8 17. Qe2 g6 18. Rcd1 Bg7 19. Qf2 Ba8 20. Kh1 Nc5 21. f5 e5 22.
Nc2 b5 23. cxb5 axb5 24. Nb4 Qb6 25. g4 Qa5 26. g5 Nfxe4 27. Nxe4 Nxe4 28. Rxe4
Bxe4 29. Bxe4 Qxb4 30. Bd5 gxf5 31. Qxf5 Qf4 32. Bxf7+ Kh8 33. Qxf4 exf4 34.
Bf6 Rf8 35. Be6 Rc7 36. Bxg7+ Rxg7 37. h4 f3 38. Kg1 h6 39. Kf2 hxg5 40. Rd4
Re7 41. Rxd6 gxh4 42. a4 Kg7 43. Bg4 bxa4 44. bxa4 Re2+ 45. Kf1 Ra2 46. Rd7+
Kh6 47. Rd4 f2 48. Bd1 Kg5 49. Rg4+ Kf5 50. Rxh4 Re8 51. Rh5+ Kg6 52. Kg2 Re1
0-1

[Event "6. OPEN International Ch of Vojvodina 20"]
[Site "Novi Sad"]
[Date "2015.07.26"]
[Round "3.6"]
[White "Lukovic, Vladimir"]
[Black "Pavkov, Nebojsa"]
[Result "1-0"]
[WhiteElo "2417"]
[BlackElo "2232"]
[PlyCount "99"]
[EventDate "2015.07.25"]

1. e4 e5 2. Nf3 Nc6 3. Bb5 Nf6 4. d3 d6 5. c3 Be7 6. O-O O-O 7. Re1 Bd7 8. a4
a6 9. Bc4 Na5 10. Ba2 c5 11. Nbd2 Qc7 12. Nf1 h6 13. Ne3 Rfe8 14. Nh4 Bf8 15.
Qf3 Be6 16. Nhf5 Bxa2 17. Rxa2 Re6 18. Qd1 g6 19. Nd5 Nxd5 20. exd5 gxf5 21.
dxe6 fxe6 22. f4 exf4 23. Bxf4 e5 24. Be3 Qf7 25. Ra1 d5 26. Kh1 d4 27. Bd2 Nb3
28. Ra3 c4 29. Rxb3 cxb3 30. Rxe5 Bd6 31. Re1 dxc3 32. Bxc3 Kh7 33. Qf3 Rg8 34.
Rf1 Kg6 35. d4 Re8 36. d5 h5 37. Qd1 Qe7 38. Qd4 Bc5 39. Qf4 Qd7 40. Qg3+ Kh7
41. Rxf5 Re1+ 42. Bxe1 Qxf5 43. Qc7+ Kg6 44. Qxc5 Qf1+ 45. Qg1 Qd3 46. a5 Qxd5
47. Bc3 h4 48. h3 Kh5 49. Qe1 Qf5 50. Qe5 1-0

[Event "6. OPEN International Ch of Vojvodina 20"]
[Site "Novi Sad"]
[Date "2015.07.26"]
[Round "3.7"]
[White "Ovchinnikov, Vsevolod"]
[Black "Nadj Hedjesi, Balind"]
[Result "1/2-1/2"]
[WhiteElo "2231"]
[BlackElo "2410"]
[PlyCount "62"]
[EventDate "2015.07.25"]

1. d4 b6 2. c4 Bb7 3. Nf3 Nf6 4. g3 e6 5. Bg2 c5 6. d5 exd5 7. Nh4 g6 8. Nc3
Bg7 9. O-O O-O 10. Bg5 h6 11. Bxf6 Qxf6 12. Nxd5 Bxd5 13. Qxd5 Nc6 14. Qxd7
Rac8 15. Rad1 Rfd8 16. Qb7 Na5 17. Qa6 g5 18. Bh3 Ra8 19. Nf5 Qxb2 20. Nd6 Bd4
21. Bg2 Rxd6 22. Bxa8 Qxe2 23. Qc8+ Kg7 24. Bd5 Bxf2+ 25. Rxf2 Qxd1+ 26. Kg2
Rxd5 27. Qe8 Rd7 28. Qe5+ Kg8 29. Qe8+ Kg7 30. Qe5+ Kg6 31. Qf5+ Kg7 1/2-1/2

[Event "6. OPEN International Ch of Vojvodina 20"]
[Site "Novi Sad"]
[Date "2015.07.26"]
[Round "3.8"]
[White "Martic, Ivan"]
[Black "Tsiros, Fragkiskos Vlasios"]
[Result "1/2-1/2"]
[WhiteElo "2383"]
[BlackElo "2228"]
[PlyCount "78"]
[EventDate "2015.07.25"]

1. e4 c5 2. Nf3 d6 3. d4 cxd4 4. Nxd4 Nf6 5. Nc3 g6 6. Be3 Bg7 7. f3 O-O 8. Bc4
Nc6 9. Qd2 Bd7 10. O-O-O Rc8 11. Bb3 Nxd4 12. Bxd4 b5 13. Nd5 Nxd5 14. Bxg7
Kxg7 15. exd5 a5 16. a3 Kg8 17. g4 b4 18. axb4 axb4 19. Qxb4 Rb8 20. Qd4 Qa5
21. Rhe1 Rb4 22. Qe3 Rc8 23. Kb1 Ba4 24. Rd3 Bb5 25. Rc3 Ra8 26. Kc1 Qa1+ 27.
Kd2 Qxb2 28. Qb6 Ra1 29. Rxa1 Qxa1 30. Qe3 Ba6 31. g5 Qh1 32. Qf2 Rf4 33. Qa7
Rh4 34. Rc6 Rxh2+ 35. Kc3 Qa1+ 36. Kb4 Rh4+ 37. c4 Qe1+ 38. Ka4 Qa1+ 39. Kb4
Qe1+ 1/2-1/2

[Event "6. OPEN International Ch of Vojvodina 20"]
[Site "Novi Sad"]
[Date "2015.07.26"]
[Round "3.9"]
[White "Bokan, Danko"]
[Black "Mrkonjic, Nenad"]
[Result "1/2-1/2"]
[WhiteElo "2223"]
[BlackElo "2380"]
[PlyCount "41"]
[EventDate "2015.07.25"]

1. e4 Nf6 2. Nc3 d5 3. e5 Ne4 4. Nce2 Nc5 5. d4 Ne6 6. f4 g6 7. Be3 Ng7 8. Qd2
h5 9. Bf2 c6 10. O-O-O Bg4 11. g3 h4 12. Bg2 hxg3 13. hxg3 Rxh1 14. Bxh1 Na6
15. Nf3 Qd7 16. Ng5 Ne6 17. Nf3 O-O-O 18. Bg2 Bg7 19. Rh1 Rh8 20. Rxh8+ Bxh8
21. Qe1 1/2-1/2

[Event "6. OPEN International Ch of Vojvodina 20"]
[Site "Novi Sad"]
[Date "2015.07.26"]
[Round "3.10"]
[White "Mihalj, Miroslav M"]
[Black "Costachi, Mihnea"]
[Result "1/2-1/2"]
[WhiteElo "2216"]
[BlackElo "2360"]
[PlyCount "47"]
[EventDate "2015.07.25"]

1. d4 d5 2. c4 c6 3. e3 Nf6 4. Nc3 a6 5. cxd5 cxd5 6. Bd3 Nc6 7. h3 e6 8. Nf3
Bd6 9. O-O O-O 10. Qe2 e5 11. dxe5 Nxe5 12. Nxe5 Bxe5 13. Qf3 Be6 14. Rd1 Qb6
15. Ne2 Rac8 16. Nd4 Kh8 17. b3 Nd7 18. Bb2 Bf6 19. Nxe6 fxe6 20. Qh5 h6 21.
Qg6 Kg8 22. Qh7+ Kf7 23. Qg6+ Kg8 24. Qh7+ 1/2-1/2

[Event "6. OPEN International Ch of Vojvodina 20"]
[Site "Novi Sad"]
[Date "2015.07.26"]
[Round "3.11"]
[White "Popovic, Milan S"]
[Black "Nestorovic, Lazar"]
[Result "0-1"]
[WhiteElo "2211"]
[BlackElo "2337"]
[PlyCount "138"]
[EventDate "2015.07.25"]

1. e4 c5 2. Nf3 e6 3. d4 cxd4 4. Nxd4 Nf6 5. Nc3 d6 6. Bc4 Be7 7. O-O O-O 8.
Be3 a6 9. a4 Qc7 10. Qe2 Nc6 11. Nxc6 bxc6 12. f4 d5 13. e5 Nd7 14. Bd3 g6 15.
b3 f6 16. Qg4 Kg7 17. Qh4 Rf7 18. f5 Nxe5 19. fxg6 hxg6 20. Bxg6 Nxg6 21. Qh6+
Kg8 22. Qxg6+ Kf8 23. Rae1 e5 24. h4 Qd6 25. Bh6+ Ke8 26. h5 Be6 27. Ne2 Kd7
28. Ng3 Rh8 29. Nf5 Bxf5 30. Qxf7 Rh7 31. Qg8 Bxc2 32. Rf2 Rxh6 33. Rxc2 Qb4
34. Rd1 Bc5+ 35. Rxc5 Qxc5+ 36. Kf1 Qe7 37. Qg4+ Kc7 38. Rc1 f5 39. Qe2 Kb7 40.
Qc2 e4 41. b4 Qd6 42. b5 axb5 43. axb5 Rxh5 44. Qxc6+ Qxc6 45. bxc6+ Kc7 46.
Rc5 f4 47. Ke2 Rh2 48. Rxd5 Rxg2+ 49. Kf1 f3 50. Re5 Re2 51. Re6 Kb6 52. Rf6
Rc2 53. Re6 Rc4 54. Kf2 Kc5 55. c7 Kd5 56. Re7 Rc3 57. Rd7+ Ke6 58. Rd4 Ke5 59.
Rd7 Rc2+ 60. Kg3 Rg2+ 61. Kh3 Rg8 62. Rg7 f2 63. Rxg8 f1=Q+ 64. Kh2 Qf4+ 65.
Kh3 Qf5+ 66. Kg3 Qf3+ 67. Kh2 Qe2+ 68. Kh3 Qe3+ 69. Kg2 Qd2+ 0-1

[Event "6. OPEN International Ch of Vojvodina 20"]
[Site "Novi Sad"]
[Date "2015.07.26"]
[Round "3.12"]
[White "Perisic, Radivoj"]
[Black "Tisma, Ivan"]
[Result "1/2-1/2"]
[WhiteElo "2337"]
[BlackElo "2206"]
[PlyCount "98"]
[EventDate "2015.07.25"]

1. e4 c5 2. Nf3 d6 3. d4 cxd4 4. Nxd4 Nf6 5. Nc3 a6 6. Bg5 Nbd7 7. Bc4 Qb6 8.
Bb3 e6 9. f4 Be7 10. f5 Nc5 11. fxe6 fxe6 12. Be3 Qc7 13. O-O O-O 14. Nf5 Nxb3
15. Nxe7+ Qxe7 16. axb3 Bd7 17. Bf4 d5 18. e5 Ne8 19. Qd2 Nc7 20. Rf2 Rf5 21.
Ne2 Raf8 22. Nd4 R5f7 23. b4 Nb5 24. Nb3 Qh4 25. g3 Qg4 26. Raf1 Bc6 27. Na5
Be8 28. c3 b6 29. Nb3 Na7 30. Nd4 Nc6 31. Nxc6 Bxc6 32. Qd4 Bb5 33. Re1 h6 34.
Be3 Qg6 35. Rxf7 Rxf7 36. Qxb6 Kh7 37. Qd4 Bc4 38. Bf4 Qc2 39. Qd2 Qf5 40. h4
Qg4 41. Kh2 Qf5 42. Qe3 Qc2+ 43. Kg1 Qxb2 44. Qd2 Qxd2 45. Bxd2 Rf3 46. Re3
Rf1+ 47. Kg2 Rd1 48. Be1 Kg6 49. g4 Bb5 1/2-1/2

[Event "6. OPEN International Ch of Vojvodina 20"]
[Site "Novi Sad"]
[Date "2015.07.26"]
[Round "3.13"]
[White "Jovicic, Radosav"]
[Black "Maryasin, Boris"]
[Result "1-0"]
[WhiteElo "2207"]
[BlackElo "2332"]
[PlyCount "99"]
[EventDate "2015.07.25"]

1. d4 d5 2. Nf3 Nf6 3. c4 dxc4 4. Qa4+ c6 5. Qxc4 Bf5 6. g3 e6 7. Bg2 Be7 8.
O-O O-O 9. Nc3 Nbd7 10. e3 h6 11. Qe2 Ne4 12. Rd1 Qa5 13. Bd2 Nxd2 14. Nxd2
Rad8 15. a3 Qc7 16. Rac1 Qb8 17. e4 Bh7 18. d5 exd5 19. exd5 Rfe8 20. Qf1 Ne5
21. Nc4 Ng4 22. h3 Nf6 23. dxc6 bxc6 24. b4 c5 25. b5 Rd4 26. Ne3 Bf8 27. Nc2
Rxd1 28. Nxd1 Ne4 29. Nce3 Rd8 30. Nc3 Nd2 31. Qe2 Nb3 32. Rd1 Rd4 33. Bd5
Rxd1+ 34. Qxd1 Nd4 35. Qf1 Qe5 36. Qc4 Bg6 37. Kg2 Bd6 38. a4 h5 39. h4 Qe7 40.
a5 Bc7 41. Qa2 Bd3 42. Nc4 Qe1 43. Nd2 Bg6 44. b6 axb6 45. axb6 Bb8 46. Be4 Kh7
47. Bxg6+ Kxg6 48. Nde4 f5 49. Ng5 Qe7 50. Qg8 1-0

[Event "6. OPEN International Ch of Vojvodina 20"]
[Site "Novi Sad"]
[Date "2015.07.26"]
[Round "3.14"]
[White "Pantelic, Sasa"]
[Black "Kozhabekov, Adilkhan"]
[Result "0-1"]
[WhiteElo "2324"]
[BlackElo "2161"]
[PlyCount "68"]
[EventDate "2015.07.25"]

1. d4 Nf6 2. c4 e6 3. Nc3 d5 4. Nf3 Be7 5. Bf4 O-O 6. e3 b6 7. cxd5 Nxd5 8.
Nxd5 exd5 9. Bd3 c5 10. O-O c4 11. Bc2 Nc6 12. Ne5 Nxe5 13. Bxe5 Be6 14. f3 Qd7
15. Qe2 Rac8 16. Rad1 Qb7 17. e4 b5 18. f4 f6 19. f5 fxe5 20. fxe6 exd4 21.
Rxf8+ Rxf8 22. exd5 Qxd5 23. Be4 Qg5 24. Bf3 d3 25. Qe4 Qf4 26. Qd5 a6 27. h3
g6 28. Qc6 Qd4+ 29. Kh1 Qxb2 30. Qb7 Qb4 31. Be4 Qd6 32. a4 Rb8 33. Qd5 Qxd5
34. Bxd5 Rd8 0-1

[Event "6. OPEN International Ch of Vojvodina 20"]
[Site "Novi Sad"]
[Date "2015.07.26"]
[Round "3.15"]
[White "Kozomora, Dragan"]
[Black "Marholev, Dimitar"]
[Result "0-1"]
[WhiteElo "2094"]
[BlackElo "2317"]
[PlyCount "70"]
[EventDate "2015.07.25"]

1. Nf3 Nf6 2. g3 g6 3. Bg2 Bg7 4. O-O O-O 5. c4 d6 6. Nc3 e5 7. d3 h6 8. h3 Nh7
9. e4 Nc6 10. Nd5 Ng5 11. Nxg5 hxg5 12. g4 Nd4 13. Be3 Ne6 14. Re1 c6 15. Nc3
Nf4 16. Bf1 f5 17. exf5 gxf5 18. f3 Qf6 19. Bxf4 exf4 20. Qd2 Qh6 21. d4 Qxh3
22. Re7 Bf6 23. Re2 Qg3+ 24. Bg2 Bd7 25. Rae1 Rf7 26. gxf5 Bxf5 27. Ne4 Bxe4
28. Rxe4 Rh7 29. Qd3 Rh3 30. Kf1 Rh2 31. R1e2 Kf7 32. Re6 Rah8 33. Rxf6+ Kxf6
34. Re6+ Kxe6 35. d5+ Kd7 0-1

[Event "6. OPEN International Ch of Vojvodina 20"]
[Site "Novi Sad"]
[Date "2015.07.26"]
[Round "3.16"]
[White "Mikheev, Stanislav"]
[Black "Parnicki, Zlatko"]
[Result "1-0"]
[WhiteElo "2303"]
[BlackElo "2071"]
[PlyCount "71"]
[EventDate "2015.07.25"]

1. d4 d5 2. c4 e6 3. Nf3 Nf6 4. g3 Be7 5. Bg2 O-O 6. O-O c6 7. Qc2 Nbd7 8. Nbd2
b6 9. e4 Bb7 10. e5 Ne8 11. cxd5 cxd5 12. Re1 Rc8 13. Qa4 a5 14. Bf1 Bc6 15.
Qd1 Nc7 16. Bd3 Bb5 17. Bb1 Re8 18. h4 Nf8 19. Nf1 Bxf1 20. Kxf1 Qd7 21. Kg2 a4
22. a3 b5 23. Bd3 Rb8 24. Ng5 f6 25. exf6 gxf6 26. Nh3 Bd6 27. Nf4 Kh8 28. Qf3
Qf7 29. Nh5 f5 30. Bg5 Nd7 31. Rac1 h6 32. Bxh6 Rg8 33. Bf4 Bxf4 34. Qxf4 Qxh5
35. Qxc7 Rg4 36. Be2 1-0

[Event "6. OPEN International Ch of Vojvodina 20"]
[Site "Novi Sad"]
[Date "2015.07.26"]
[Round "3.17"]
[White "Nomin-Erdene, Davaademberel"]
[Black "Stanimirovic, Marija"]
[Result "1-0"]
[WhiteElo "2303"]
[BlackElo "1822"]
[PlyCount "65"]
[EventDate "2015.07.25"]

1. e4 c5 2. Nf3 d6 3. d4 cxd4 4. Nxd4 Nf6 5. Nc3 a6 6. Be3 e6 7. f3 Be7 8. Qd2
Qc7 9. g4 O-O 10. O-O-O b5 11. h4 Bb7 12. g5 Nh5 13. Bh3 b4 14. Nce2 d5 15. Bg4
g6 16. Nxe6 fxe6 17. Bxe6+ Rf7 18. exd5 Bd6 19. f4 Nd7 20. Rhf1 Raf8 21. Kb1
Nc5 22. Bxc5 Qxc5 23. f5 Kh8 24. Bxf7 Rxf7 25. f6 Rd7 26. Nd4 Bxd5 27. Nb3 Bxb3
28. cxb3 Ng3 29. Rfe1 h6 30. Re8+ Kh7 31. Ka1 Qf5 32. Qd4 a5 33. f7 1-0

[Event "6. OPEN International Ch of Vojvodina 20"]
[Site "Novi Sad"]
[Date "2015.07.26"]
[Round "3.18"]
[White "Lajthajm, Borko"]
[Black "Jevtic, Miroljub"]
[Result "1/2-1/2"]
[WhiteElo "2443"]
[BlackElo "2057"]
[PlyCount "118"]
[EventDate "2015.07.25"]

1. d4 d5 2. c4 c6 3. Nc3 Nf6 4. Nf3 Nbd7 5. cxd5 cxd5 6. Bf4 a6 7. Rc1 e6 8. e3
Nh5 9. Bg5 Be7 10. Bxe7 Qxe7 11. g4 Nhf6 12. g5 Ne4 13. Nxe4 dxe4 14. Nd2 Qxg5
15. Nxe4 Qa5+ 16. Qd2 Qxd2+ 17. Kxd2 Nf6 18. Bg2 Nxe4+ 19. Bxe4 Kd8 20. Rc5 Rb8
21. Rhc1 Bd7 22. f4 Re8 23. Rh5 f5 24. Bf3 h6 25. Rh3 Bc6 26. Bxc6 bxc6 27. b3
Rc8 28. Rg3 Re7 29. Rc5 Kd7 30. h4 Rb8 31. Ra5 Rb6 32. Kc3 Kd6 33. Rg6 Kd7 34.
Kc4 Kc7 35. b4 Kd7 36. Kc5 Rb5+ 37. Rxb5 axb5 38. d5 cxd5 39. Kxb5 e5 40. fxe5
Rxe5 41. Kc5 Rxe3 42. Kxd5 Re7 43. h5 f4 44. Rg2 f3 45. Rf2 Re3 46. a4 Kc7 47.
Kd4 Rb3 48. Kc5 Rc3+ 49. Kb5 Kb7 50. a5 Re3 51. Ka4 Rd3 52. Rf1 Re3 53. Rf2 Rd3
54. Kb5 Rd5+ 55. Kc4 Rf5 56. b5 Rf4+ 57. Kd3 Rf5 58. Kc4 Rf4+ 59. Kc5 Rf5+
1/2-1/2

[Event "6. OPEN International Ch of Vojvodina 20"]
[Site "Novi Sad"]
[Date "2015.07.26"]
[Round "3.19"]
[White "Basaraba, Nikola"]
[Black "Mesaros, Florian"]
[Result "0-1"]
[WhiteElo "2200"]
[BlackElo "2390"]
[PlyCount "102"]
[EventDate "2015.07.25"]

1. d4 Nf6 2. f4 g6 3. Nf3 Bg7 4. e3 d6 5. Be2 O-O 6. O-O Nbd7 7. Bd2 e5 8. c3
Qe7 9. c4 Re8 10. Nc3 c6 11. fxe5 dxe5 12. Qc2 e4 13. Ng5 h6 14. Nh3 Nf8 15.
Nf2 h5 16. b4 Bf5 17. Rab1 Ne6 18. Nfd1 Ng4 19. Bxg4 hxg4 20. Ne2 Ng5 21. Ng3
Bd7 22. Nc3 f5 23. Nce2 Bf6 24. Bc3 Rac8 25. Qb3 Kg7 26. Nf4 Rh8 27. Rfd1 Ne6
28. Nge2 Nxf4 29. Nxf4 g5 30. Ne2 Kg6 31. Ng3 Qh7 32. Nf1 Qf7 33. d5 Bxc3 34.
dxc6 bxc6 35. Qxc3 Be6 36. Rd6 Qf6 37. Qc2 Qe5 38. Rbd1 Kf7 39. Qa4 Rc7 40.
Rxc6 Rhc8 41. Rxc7+ Rxc7 42. c5 f4 43. Qc2 a5 44. a3 axb4 45. axb4 Ra7 46. Rd4
Ra2 47. Qxe4 Qxe4 48. Rxe4 Bd5 49. Rd4 Rxg2+ 50. Kh1 Bf3 51. Rd6 Rg3# 0-1

[Event "6. OPEN International Ch of Vojvodina 20"]
[Site "Novi Sad"]
[Date "2015.07.26"]
[Round "3.20"]
[White "Rogac, Srdjan"]
[Black "Stikovic, Dobrica"]
[Result "1/2-1/2"]
[WhiteElo "2385"]
[BlackElo "2194"]
[PlyCount "32"]
[EventDate "2015.07.25"]

1. e4 e6 2. d4 d5 3. e5 c5 4. c3 Nc6 5. Nf3 Bd7 6. a3 Rc8 7. Bd3 cxd4 8. cxd4
Qb6 9. Bc2 g5 10. h3 Nxd4 11. Qxd4 Rxc2 12. Qxb6 axb6 13. Nc3 Bc5 14. Ne2 f6
15. exf6 Nxf6 16. b4 Bd6 1/2-1/2

*

[Event "6. OPEN International Ch of Vojvodina 20"]
[Site "Novi Sad"]
[Date "2015.07.26"]
[Round "3.21"]
[White "Brinovec, Dusan"]
[Black "Leskur, Dejan"]
[Result "0-1"]
[WhiteElo "2193"]
[BlackElo "2384"]
[PlyCount "120"]
[EventDate "2015.07.25"]

1. d4 g6 2. Nf3 Bg7 3. e3 f5 4. h4 Nf6 5. Bd3 e6 6. Nbd2 d5 7. Ne5 Nbd7 8. Ndf3
Qe7 9. Qe2 Ne4 10. Nxd7 Bxd7 11. c3 e5 12. h5 O-O-O 13. Bd2 Kb8 14. O-O-O c5
15. dxe5 Bxe5 16. Be1 Bf6 17. hxg6 hxg6 18. Rxh8 Bxh8 19. Bc2 Bc6 20. Nd2 Bxc3
21. Nxe4 Bxe1 22. Nxc5 Bxf2 23. Na6+ bxa6 24. Qxf2 Qe5 25. Rd4 Re8 26. Kd2 a5
27. Qf4 Qxf4 28. Rxf4 Bd7 29. Rd4 Re5 30. Bd1 Kc7 31. g4 g5 32. gxf5 Bxf5 33.
b4 axb4 34. Rxb4 Re7 35. Bg4 Bh7 36. Bf3 Kd6 37. Rb8 Ke5 38. Rd8 Be4 39. Bd1
Bf5 40. Bf3 Be6 41. Rh8 g4 42. Rh5+ Kd6 43. Bg2 Rf7 44. Ke1 Rb7 45. Rg5 Rb2 46.
Bxd5 Bxd5 47. Rxg4 Rxa2 48. Rd4 Kc5 49. Kd1 a5 50. Rd2 Ra1+ 51. Kc2 Re1 52. Kb2
Rxe3 53. Rc2+ Kb4 54. Rc1 Rb3+ 55. Ka1 Rh3 56. Rd1 Bb3 57. Rg1 Ka3 58. Rf1 Rh2
59. Rc1 Bc2 60. Rg1 Bd3 0-1

[Event "6. OPEN International Ch of Vojvodina 20"]
[Site "Novi Sad"]
[Date "2015.07.26"]
[Round "3.22"]
[White "Cabarkapa, Novak"]
[Black "Jovanovic, Milenko"]
[Result "1-0"]
[WhiteElo "2377"]
[BlackElo "2177"]
[PlyCount "53"]
[EventDate "2015.07.25"]

1. b3 e5 2. Bb2 Nc6 3. e3 d5 4. Bb5 Bd6 5. Nf3 f6 6. c4 dxc4 7. Bxc4 Nh6 8. Nc3
Bg4 9. h3 Bh5 10. Ne4 Bf7 11. g4 Bxc4 12. bxc4 Be7 13. d4 exd4 14. exd4 O-O 15.
d5 Ne5 16. Nxe5 fxe5 17. Qd3 Nf7 18. O-O b6 19. f4 Bd6 20. Qc3 Qh4 21. f5 Ng5
22. Nxg5 Qxg5 23. Rae1 Rae8 24. Re4 g6 25. Kh1 Rf7 26. Ree1 Ref8 27. Rxe5 1-0

[Event "6. OPEN International Ch of Vojvodina 20"]
[Site "Novi Sad"]
[Date "2015.07.26"]
[Round "3.23"]
[White "Stojanovic, Andjelija"]
[Black "Dronjic, Sinisa"]
[Result "0-1"]
[WhiteElo "2313"]
[BlackElo "2170"]
[PlyCount "34"]
[EventDate "2015.07.25"]

1. e4 c5 2. Nf3 e6 3. b3 d6 4. Bb2 Nf6 5. e5 dxe5 6. Nxe5 Be7 7. Bd3 Nbd7 8. f4
O-O 9. O-O Qc7 10. Rf3 b6 11. Rh3 g6 12. Na3 Bb7 13. Nac4 Rfd8 14. Qe2 Bf8 15.
Nxd7 Nxd7 16. Rxh7 Kxh7 17. Qh5+ Bh6 0-1

[Event "6. OPEN International Ch of Vojvodina 20"]
[Site "Novi Sad"]
[Date "2015.07.26"]
[Round "3.24"]
[White "Remecki, Sinisa"]
[Black "Besedes, Danilo"]
[Result "1/2-1/2"]
[WhiteElo "2173"]
[BlackElo "2307"]
[PlyCount "33"]
[EventDate "2015.07.25"]

1. e4 e6 2. d4 d5 3. Nc3 Nf6 4. Bd3 dxe4 5. Nxe4 Nbd7 6. Nf3 c5 7. Nxc5 Nxc5 8.
dxc5 Bxc5 9. O-O O-O 10. Qe2 Qc7 11. c4 b6 12. Bg5 Bb7 13. Bxf6 gxf6 14. Be4
Rad8 15. Bxb7 Qxb7 16. Rad1 f5 17. Rxd8 1/2-1/2

[Event "6. OPEN International Ch of Vojvodina 20"]
[Site "Novi Sad"]
[Date "2015.07.26"]
[Round "3.25"]
[White "Banas, Jan"]
[Black "Markov, Ziva"]
[Result "1-0"]
[WhiteElo "2279"]
[BlackElo "2144"]
[PlyCount "79"]
[EventDate "2015.07.25"]

1. c4 c6 2. e4 d5 3. exd5 cxd5 4. d4 Nf6 5. Nc3 g6 6. cxd5 Nxd5 7. Qb3 Nxc3 8.
Bc4 e6 9. bxc3 Bg7 10. Ba3 Bf8 11. Nf3 Bxa3 12. Qxa3 Qe7 13. Qc1 O-O 14. O-O
Nd7 15. Re1 Nb6 16. Bb3 Qf6 17. Ne5 Nd7 18. f4 Nxe5 19. fxe5 Qh4 20. Re3 Bd7
21. Rh3 Qe7 22. Qh6 f5 23. exf6 Rxf6 24. Re1 Qg7 25. Qh4 Re8 26. Rhe3 Qe7 27.
Qg3 Bc8 28. h4 Kf7 29. d5 b5 30. Qg5 a6 31. Kh1 Rf5 32. dxe6+ Kg7 33. Qg4 Qf6
34. Qd4 Re7 35. Kg1 Qxd4 36. cxd4 Bb7 37. Re5 Rxe5 38. Rxe5 Kf6 39. g4 Rc7 40.
e7 1-0

[Event "6. OPEN International Ch of Vojvodina 20"]
[Site "Novi Sad"]
[Date "2015.07.26"]
[Round "3.26"]
[White "Lukajic, Bojan"]
[Black "Tancik, Kristijan"]
[Result "1/2-1/2"]
[WhiteElo "2142"]
[BlackElo "2279"]
[PlyCount "31"]
[EventDate "2015.07.25"]

1. e4 c5 2. Nf3 d6 3. d4 cxd4 4. Nxd4 Nf6 5. Nc3 Nc6 6. Bc4 Qb6 7. Nde2 e6 8.
Be3 Qc7 9. O-O a6 10. Bb3 Be7 11. Kh1 b5 12. a3 Na5 13. f4 Bb7 14. Qd3 Nc4 15.
Bd4 O-O 16. Bxc4 1/2-1/2

[Event "6. OPEN International Ch of Vojvodina 20"]
[Site "Novi Sad"]
[Date "2015.07.26"]
[Round "3.27"]
[White "Srdjanov, Stevan"]
[Black "Desnica, Vladan"]
[Result "1/2-1/2"]
[WhiteElo "2123"]
[BlackElo "2253"]
[PlyCount "64"]
[EventDate "2015.07.25"]

1. e4 e5 2. Nf3 Nc6 3. d3 g6 4. h4 Nf6 5. Be2 h6 6. c3 d5 7. Nbd2 Be6 8. Qa4
Qd7 9. b4 Ng4 10. Bb2 Bg7 11. Nb3 b6 12. d4 Ne7 13. Qxd7+ Bxd7 14. exd5 Nxd5
15. Nxe5 Nxe5 16. dxe5 Nf4 17. Bf3 O-O-O 18. O-O-O Bxe5 19. g3 Ne6 20. Rhe1 Bg7
21. c4 Bxb2+ 22. Kxb2 Rhe8 23. Kc3 c6 24. Re3 Kc7 25. Rde1 Bc8 26. a4 Ng7 27.
Re7+ Rxe7 28. Rxe7+ Rd7 29. Rxd7+ Bxd7 30. c5 Be6 31. Nd4 bxc5 32. bxc5 Bd7
1/2-1/2